International handbook on the economics of migration (Record no. 499479)

MARC details
000 -LEADER
fixed length control field 00845nam a2200253Ia 4500
003 - CONTROL NUMBER IDENTIFIER
control field OSt
005 - DATE AND TIME OF LATEST TRANSACTION
control field 20220925181525.0
008 - FIXED-LENGTH DATA ELEMENTS--GENERAL INFORMATION
fixed length control field 220923b |||||||| |||| 00| 0 eng d
020 ## - INTERNATIONAL STANDARD BOOK NUMBER
International Standard Book Number 9781845426293
037 ## - SOURCE OF ACQUISITION
Terms of availability General Book
040 ## - CATALOGING SOURCE
Original cataloging agency RTL
Transcribing agency RTL
Language of cataloging eng
041 ## - LANGUAGE CODE
Source of code eng
Language code of text/sound track or separate title eng
100 ## - MAIN ENTRY--PERSONAL NAME
Personal name CONSTANT Amelie F.
9 (RLIN) 254001
245 #0 - TITLE STATEMENT
Title International handbook on the economics of migration
260 ## - PUBLICATION, DISTRIBUTION, ETC.
Place of publication, distribution, etc. Cheltenham
Name of publisher, distributor, etc. Edward Elgar
Date of publication, distribution, etc. 2013
300 ## - PHYSICAL DESCRIPTION
Extent ix, 573p
Dimensions cm.
650 ## - SUBJECT ADDED ENTRY--TOPICAL TERM
Topical term or geographic name entry element Economics
700 ## - ADDED ENTRY--PERSONAL NAME
Personal name ZIMMERMANN Klaus F.
9 (RLIN) 238968
942 ## - ADDED ENTRY ELEMENTS (KOHA)
Classification part X:9J2.1g, Q3
Koha item type General Books
Source of classification or shelving scheme Colon Classification (CC)
Holdings
Withdrawn status Lost status Damaged status Not for loan Home library Current library Date acquired Source of acquisition Cost, normal purchase price Total Checkouts Full call number Barcode Date last seen Cost, replacement price Price effective from Koha item type
        Ratan Tata Library Ratan Tata Library 2022-09-25 BBS/139, 12/03/2014, Better Book Service 13497.79   X:9J2.1g Q3 RT1498151 2022-09-25 13497.79 2022-09-25 General Books
Copyright @ Delhi University Library System